00585nam a2200169 a 4500008004100000111007800041245004500119260004400164300003900208500004300247504004100290650003100331710002600362003000100388005001700389040000900406 2 aWorkshop on Global Ecological Problemsd(1971 :cUniversity of Wisconsin)10aMan in the living environment :breport. aLondon,bUniversity of Wisconsin,c1972 axxiii,288 p.: bill,maps; c22 cm. aSponsored by the Institute of Ecology. aIncludes bibliographical references. 0aHuman ecologyxCongresses.20aInstitute of Ecology.20230123133302.0 cNUST